[Event "Medellin Aristizabal Cup"]
[Site "Medellin"]
[Date "2019.06.24"]
[Round "7"]
[White "Montoya Gomez, Juan Andres"]
[Black "Chavarro Corredor, Cesar Camilo"]
[Result "0-1"]
[WhiteElo "1403"]
[BlackElo "1101"]
[PlyCount "118"]
[EventDate "2019.06.21"]
[EventType "swiss"]
[EventRounds "7"]
[EventCountry "COL"]
[SourceTitle "EXT 2020"]
[Source "ChessBase"]
[SourceDate "2019.10.17"]
[SourceVersion "1"]
[SourceVersionDate "2019.10.17"]
[SourceQuality "1"]

1. e4 c5 2. Nf3 g6 3. c3 d6 4. d4 cxd4 5. cxd4 Bg7 6. h3 Nc6 7. Be3 Nf6 8. Nc3 Nd7 9. Bc4 0-0 10. 0-0 a6 11. Qd2 b5 12. Bb3 Nb6 13. d5 Na5 14. Bc2 Nac4 15. Qc1 Nxe3 16. Qxe3 Nc4 17. Qc1 Bd7 18. Nd2 b4 19. Na4 Rc8 20. Nxc4 Rxc4 21. Qd2 Qa5 22. Rab1 Bxa4 23. Bxa4 Rxe4 24. Bc2 Rd4 25. Qe3 Rxd5 26. Qxe7 Qxa2 27. Qb7 Bxb2 28. Qxb4 Be5 29. Be4 Rd4 30. Qe1 a5 31. Ra1 Rxe4 32. Rxa2 Rxe1 33. Rxe1 Ra8 34. Rc2 a4 35. Rec1 Kg7 36. Ra2 a3 37. Kf1 f5 38. g3 Kf6 39. f4 Bb2 40. Rb1 Rc8 41. Ke2 Rc2+ 42. Kf3 Ke6 43. Re1+ Kd5 44. Re3 Rc1 45. Re7 Rc3+ 46. Kg2 Kc4 47. Rb7 d5 48. Raxb2 axb2 49. Rxb2 Rb3 50. Rxb3 Kxb3 51. Kf2 Kc3 52. Ke2 Kd4 53. Ke1 Kd3 54. Kf1 d4 55. h4 Kd2 56. Kf2 Kc2 57. Ke1 d3 58. Kf2 d2 59. Kf3 d1Q+ 0-1